000 00499nam a22001817a 4500
005 20251108170515.0
008 250721s1982 xx 000 0 ara d
082 1 4 _aط/ق/ايل
100 1 _aايلوار، بول
245 1 0 _aنسيم الجناح /
264 1 _aبيروت :
_bدارالفتي العربي،
_c1982.
300 _a31ص
490 0 _aسلسلة الافق الجديد
650 1 7 _aادب مترجم
650 1 7 _aالروايات
942 _2ddc
_cBK
999 _c42155
_d42155